000 00482nam a2200157Ia 4500
008 241217s9999||||xx |||||||||||||| ||und||
020 _a9780201442076
_c34.2
040 _beng
_cSSK Library
_erda
082 _a006.7 FIS
100 _a Scott Fisher
245 0 _aCreating Dynamic Websites: A Webmaster's Guide To Interactive Multimedia
260 _b Addison Wesley Longman, Inc.
_c©1997
942 _2Dewey Decimal Classification
_cBOOK
_nNo
999 _c24111
_d24111
003 OSt
005 20241217112919.0